| 000 | 00840namaa2200289 a 4500 | ||
|---|---|---|---|
| 001 | vtls001303824 | ||
| 003 | NLI | ||
| 005 | 20210627043855.0 | ||
| 008 | 120418s1980 dcu i000 0 eng | ||
| 039 | 9 |
_y201204181929 _zVLOAD |
|
| 040 | 0 |
_aNLI _cVTLS-2012_FOD _eAACR2 |
|
| 041 | 0 | _aeng | |
| 044 | _adcu | ||
| 082 | 0 | 4 | _a333.79 |
| 110 | 1 |
_aUnited States. _bDepartment of Energy _9706810 |
|
| 245 | 1 | 0 | _aDraft policy programming and fiscal guidance |
| 260 |
_aWashington, D.C. : _bUnited States Department of Energy, _c1980 |
||
| 300 |
_aVarious pagings ; _c29 cm. |
||
| 500 | _aFy 1982-1986 | ||
| 650 | 0 |
_aEnergy policy _9702188 |
|
| 650 | 0 |
_aEnergy resource _9725105 |
|
| 887 | _a | ||
| 901 |
_aAD 89786 _b20.10.2010 |
||
| 902 | _aU.S 333.79 Un 3 | ||
| 949 |
_AVIRTUAITEM _D10002 _X100 _6ADX000089786ENG |
||
| 942 |
_2ddc _cBKS |
||
| 999 |
_c595992 _d595992 |
||